Managerial Processes Behind Long - Term Product Mix Changes <An> Historical Study on Fazer Confectionery 1950-1990

Gespeichert in:
Bibliographische Detailangaben
1. Verfasser: Eriksson, Päivi
Format: Buch
Sprache:Englisch
Veröffentlicht: Helsinki School of Economics and Business Administration 1991
Ausgabe:1. ed.
Schriftenreihe:Acta Academiae Oeconomicae Helsingiensis
Tags: Tag hinzufügen
Keine Tags, Fügen Sie das erste Tag hinzu!

MARC

LEADER 00000nam a2200000 4500
001 c028002
005 20250606105138.0
041 0 |a eng 
044 |a FI 
245 1 0 |a Managerial Processes Behind Long - Term Product Mix Changes  |b <An> Historical Study on Fazer Confectionery 1950-1990  |c Päivi Eriksson 
250 |a 1. ed. 
264 1 |a Helsinki  |b School of Economics and Business Administration  |c 1991 
300 |a 251 s. 
490 1 |a Acta Academiae Oeconomicae Helsingiensis 
830 0 |a Acta Academiae Oeconomicae Helsingiensis 
100 1 |a Eriksson, Päivi